000 00371nam a2200133Ia 4500
008 230917s9999||||xx |||||||||||||| ||und||
040 _e131364
_aMAIN
041 _aEnglish
082 _a330.1 U1W
245 0 _aWorld economic and social survey 2004: international mirgation united nations
260 _aU.S.A.
_bUnited Nations
_c2005
300 _a239p p.
942 _cBK
999 _c131527
_d131527